000 00799nam a22001937a 4500
003 CEME
005 20210628202217.0
008 210209b xxu||||| |||| 00| 0 eng d
020 _a0-471-71045-8
040 _c.
082 _a621.382 FRE
100 _aFreeman, Roger .L.
_957174
245 _aFundamentals of telecommunications
250 _a2ND
260 _aNEW JERSEY
_bJOHN WILEY
_c2005
300 _aXXIII,675P
650 _aTELECOMMUNICATION..LOCAL AND LONG DISTANCE NETWORKS.DATA COMMUNICATIONS.LOCAL AREA NETWORKS.LAN.WAN.WIDE AREA NETWORKS.METROPOLITION AREA NETWORKS.CCITT SIGNALING SYSTEM.VOICE OVER PACKETS IN A PACKET NETWORK.TELEVISION TRANSMISSION.CATV.COMMUNITY ANTENNA TELEVISION.CABLE TELEVISION.CELLULAR AND PCS RADIO SYSTEMS.NETWORK MANAGEMENT.
_958780
942 _cBK
_2ddc
999 _c568896
_d568896